A Dictionary and Glossary of the Koran, with copius grammatical references and explanations of the text (Record no. 3650)

MARC details
000 -LEADER
fixed length control field 00731nam a22002177a 4500
003 - CONTROL NUMBER IDENTIFIER
control field LK-CoMWRAF
005 - DATE AND TIME OF LATEST TRANSACTION
control field 20240212120630.0
008 - FIXED-LENGTH DATA ELEMENTS--GENERAL INFORMATION
fixed length control field 230924b1971 |||||||| |||| 00| 0 eng d
020 ## - INTERNATIONAL STANDARD BOOK NUMBER
International Standard Book Number 0700700013
040 ## - CATALOGING SOURCE
Original cataloging agency LK-CoMWRAF
Modifying agency LK-CoMWRAF
Description conventions LK-CoMWRAF
041 ## - LANGUAGE CODE
Language code of text/sound track or separate title English
082 ## - DEWEY DECIMAL CLASSIFICATION NUMBER
Classification number 492.73
Item number PEN
942 ## - ADDED ENTRY ELEMENTS (KOHA)
Koha item type Reference
100 ## - MAIN ENTRY--PERSONAL NAME
Personal name Penrice, John
245 ## - TITLE STATEMENT
Title A Dictionary and Glossary of the Koran, with copius grammatical references and explanations of the text
260 ## - PUBLICATION, DISTRIBUTION, ETC. (IMPRINT)
Place of publication, distribution, etc. [London]:
Name of publisher, distributor, etc. Curzon press,
Date of publication, distribution, etc. 1971
300 ## - PHYSICAL DESCRIPTION
Extent viii, 166 p.; 27 cm
856 ## - ELECTRONIC LOCATION AND ACCESS
Uniform Resource Identifier <a href="https://www.ghazali.org/books/penrise-1873.pdf">https://www.ghazali.org/books/penrise-1873.pdf</a>
650 ## - SUBJECT ADDED ENTRY--TOPICAL TERM
Topical term or geographic name as entry element Arabic language -- Dictionaries -- English
650 ## - SUBJECT ADDED ENTRY--TOPICAL TERM
Topical term or geographic name as entry element Qurʾan -- Language, Style -- Dictionaries -- English
Holdings
Withdrawn status Lost status Damaged status Not for loan Permanent Location Current Location Date acquired Full call number Barcode Koha item type
        Resource center, Muslim Women's Research And Action Forum Resource center, Muslim Women's Research And Action Forum 2023-09-24 492.73 PEN RAF1416 Books

Copyright © 2023 Muslim Women's Research and Action Forum (MWRAF), No 27/3, Anderson Road, Kalubowila, Dehiwela. Funded by The Asia Fundation